A book for ielts
Salvato in:
| Natura: | Libro |
|---|---|
| Pubblicazione: |
2006
|
| Tags: |
Aggiungi Tag
Nessun Tag, puoi essere il primo ad aggiungerne! !
|
| Thư viện lưu trữ: | Mạng thư viện Đại học Đà Nẵng |
|---|
| LEADER | 00452nam a22001811a 4500 | ||
|---|---|---|---|
| 001 | 000038538 | ||
| 003 | 14833 | ||
| 005 | 20160412021325.0 | ||
| 008 | 160412s2006 000 | ||
| 082 | |a 4A(07)2690 | ||
| 245 | |a A book for ielts |c Mc.Carter …; Nguyễn Thành Yến C.g | ||
| 260 | |c 2006 | ||
| OWN | |a LNN | ||
| 999 | |a From the UDN01 | ||
| TYP | |a Monograph | ||
| 980 | |a Mạng thư viện Đại học Đà Nẵng | ||